ბათუმის შოთა რუსთაველის სახელმწიფო უნივერსიტეტის ბიბლიოთეკა

ინფორმაციის თეორიის გამოყენება რკინიგზის ტრანსპორტის ავტომატიზებულ მართვაში. (ბიბ.ჩანაწერი № 35712)

000 -LEADER
fixed length control field 01028nam a2200229Ia 4500
001 - CONTROL NUMBER
control field 1585
003 - CONTROL NUMBER IDENTIFIER
control field GE_BSU
008 - FIXED-LENGTH DATA ELEMENTS--GENERAL INFORMATION
fixed length control field 181216s||||||||xx |||||||||||||| ||und||
020 ## - INTERNATIONAL STANDARD BOOK NUMBER
International Standard Book Number 9789994057771
040 ## - CATALOGING SOURCE
Transcribing agency GE_BSU
080 ## - UNIVERSAL DECIMAL CLASSIFICATION NUMBER
Universal Decimal Classification number 656.25:621.391
100 ## - MAIN ENTRY--PERSONAL NAME
Personal name აბულაძე, ლ. ელიზბარაშვილი, მ. ბერიძე, ა.
245 ## - TITLE STATEMENT
Title ინფორმაციის თეორიის გამოყენება რკინიგზის ტრანსპორტის ავტომატიზებულ მართვაში.
245 ## - TITLE STATEMENT
Remainder of title დამხმ. სახელმძღვანელო.
260 ## - PUBLICATION, DISTRIBUTION, ETC.
Place of publication, distribution, etc. თბილისი
260 ## - PUBLICATION, DISTRIBUTION, ETC.
Name of publisher, distributor, etc. ტექნ. უნ-ტი.
260 ## - PUBLICATION, DISTRIBUTION, ETC.
Date of publication, distribution, etc. 2007
300 ## - PHYSICAL DESCRIPTION
Extent 78გვ; 28 სმ.
653 ## - INDEX TERM--UNCONTROLLED
Uncontrolled term ინფორმაცის თეორია რკინიგზის ტრანსპორტის ავტომატიზებულ მართვაში.
942 ## - ADDED ENTRY ELEMENTS (KOHA)
Koha item type წიგნი
ეგზემპლარები
Withdrawn status Lost status Damaged status Not for loan Date acquired Barcode Date last seen Price effective from Koha item type
        2018-12-17 3020 2018-12-17 2018-12-17 წიგნი